000
00316nam a22001337a 4500
008
181015b xxu||||| |||| 00| 0 eng d
020
_a
9780804717700
041
_a
eng
080
_a
101
100
_a
24
101
_a
fil
245
_a
Evolution And The Myth Of Greatinism
_c
Berra.t. m
942
_2
udc
_c
BK
999
_c
49754
_d
49754